000
00450nam a2200133Ia 4500
008
151001s9999||||xx |||||||||||||| ||und||
100
_a
महावीरप्रसाद द्विवेदी
245
_a
विचित्र जीव जन्तु और वनस्पतीयॉ
250
_a
1
260
_b
साक्षरता पुस्तक केंद
260
_c
२०१४
300
_a
127
365
_b
21
999
_c
1001688
_d
1001685